A second letter sent from John Ashe, Esquire a member of the House of Commons to the Honourable VVilliam Lenthall, Esquire speaker of the House of Commons in Parliament : concerning divers messages and passages between the Marquesse Hartford, Lord Pawlet, Lord Seymour, Lord Coventry and others His Majesties commissioners : and the deputy lievtenants and

Bibliographic Details
Main Author: Ashe, John, Esquire
Other Authors: Somerset, William Seymour, Duke of, 1588-1660, Winchester, John Paulet, Earl of, 1598-1675
Format: eBook
Language:English
Published: London : Printed by A.N. for Ed. Husbands and I. Franke, August 16, 1642.
Series:Early English books online.
Subjects:
Online Access:Connect to the full text of this electronic book

MARC

Tag First Indicator Second Indicator Subfields
LEADER 00000nam a2200000Ia 4500
001 in00004294113
005 20200810080328.0
006 m g d
007 cr bn |||a|bb|
008 851010s1642 enk o 00| | eng d
035 |a (OCoLC)12656122 
040 |a EAA  |c EAA  |d m/c  |d UMI  |d WaOLN 
037 |a CL0037000007  |b ProQuest Information and Learning. 300 N. Zeeb Rd., Ann Arbor, MI 48106 
049 |a UMIA 
100 1 |a Ashe, John,  |c Esquire. 
245 1 2 |a A second letter sent from John Ashe, Esquire a member of the House of Commons to the Honourable VVilliam Lenthall, Esquire speaker of the House of Commons in Parliament :  |b concerning divers messages and passages between the Marquesse Hartford, Lord Pawlet, Lord Seymour, Lord Coventry and others His Majesties commissioners : and the deputy lievtenants and 
260 |a London :  |b Printed by A.N. for Ed. Husbands and I. Franke,  |c August 16, 1642. 
300 |a 1 online resource (16 pages) 
336 |a text  |b txt  |2 rdacontent 
337 |a computer  |b c  |2 rdamedia 
338 |a online resource  |b cr  |2 rdacarrier 
500 |a Reproduction of original in Thomason Collection, British Library. 
510 4 |a Wing  |c A3946 
533 |a Electronic reproduction.  |b Ann Arbor, Mich. :  |c UMI,  |d 1999-  |f (Early English books online)  |n Digital version of: (Early English books, 1641-1700 ; 246:E112, no 13)  |7 s1999 miun s 
600 1 0 |a Coventry, Thomas Coventry,  |c Baron,  |d 1606-1661. 
600 1 0 |a Lenthall, William,  |d 1591-1662. 
600 1 0 |a Somerset, William Seymour,  |c Duke of,  |d 1588-1660. 
600 1 0 |a Winchester, John Paulet,  |c Earl of,  |d 1598-1675. 
650 0 |a Commissions of array  |z England. 
651 0 |a Great Britain  |x History  |y Civil War, 1642-1649. 
700 1 |a Somerset, William Seymour,  |c Duke of,  |d 1588-1660. 
700 1 |a Winchester, John Paulet,  |c Earl of,  |d 1598-1675. 
830 0 |a Early English books online. 
856 4 0 |u http://proxy.library.tamu.edu/login?url=https://search.proquest.com/docview/2248562024  |z Connect to the full text of this electronic book  |t 0 
999 f f |s e1b96a18-d752-3e24-ad38-16cce0b9f47a  |i 7b699d7f-c384-37ee-a904-d24510884f67  |t 0 
952 f f |a Texas A&M University  |b College Station  |c Electronic Resources  |d Available Online  |t 0  |h No information provided 
998 f f |t 0  |l Available Online